000 00435nam a2200181Ia 4500
005 20250603145913.0
008 250603s9999 xx 000 0 und d
020 _a978133416404
050 _aRT 73.5 G53/
100 _aGiddens, Jean Foret
245 4 _aThe Neighborhood 2.0 : faculty navigation guide
260 _aNew Jersey
260 _bPearson
260 _c2014
300 _a379 p
650 _aNew Jersey
942 _cBK
999 _c43197
_d43197